=LDR 00000nam 2200000 4500 =001 INLIS000000000051482 =005 20170926081440 =035 ##$$a 0010-0917000286 =007 ta =008 170926###########################0###### =020 ##$$a 978-602-7996-01-4 =082 ##$$a 500 =084 ##$$a 500 HOE s =100 #$$a Hoeda Manis =245 1#$$a Sain sinting : $b Menjawab Pertanyaan Sinting dengan Jawaban Ilmiah /$c Hoeda Manis =260 ##$$a Yogyakarta :$b Trans Idea Publishing,$c 2013 =300 ##$$a 185 hlm. : $b ilus. ; $c 15x23 cm =650 ##$$a Sains =520 ##$$a Bibliografi: hlm. 179-184 =520 ##$$a Biografi: hlm. 185 =990 ##$$a 1155111551 =990 ##$$a 1155111551 =990 ##$$a 1155111551 =990 ##$$a 1155111551 =990 ##$$a 1155111551 =990 ##$$a 21704041 =990 ##$$a 01201711551 =990 ##$$a 01201711552 =990 ##$$a 01201711553 =990 ##$$a 01201711554 =990 ##$$a 21704042 =990 ##$$a 01201711551 =990 ##$$a 01201711552 =990 ##$$a 01201711553 =990 ##$$a 21704041 =990 ##$$a 21704043 =990 ##$$a 01201711551 =990 ##$$a 01201711552 =990 ##$$a 21704042 =990 ##$$a 21704041 =990 ##$$a 21704044 =990 ##$$a 01201711551 =990 ##$$a 21704043 =990 ##$$a 21704042 =990 ##$$a 21704041 =990 ##$$a 21704045 =990 ##$$a 21704044 =990 ##$$a 21704043 =990 ##$$a 21704042 =990 ##$$a 21704041